| 000 | 00461cam a2200181ua 4500 | ||
|---|---|---|---|
| 001 | 3156 | ||
| 008 | 110930n ii |||gr||||Z||||||asm | ||
| 040 | _cMAIN | ||
| 082 | _a891.4513 | ||
| 100 |
_aChetia, Tuksheswar, _eAuthor. |
||
| 245 | 1 | 1 |
_aKhola khirikire Dhumuha _cby Tuksheswar Chetia |
| 250 | _a1st. | ||
| 260 |
_aGuahati: _bImprint,994. |
||
| 300 |
_a109p: _c23cm. |
||
| 653 | _aAssamese short story | ||
| 653 | _aKhola khirikire Dhumuha | ||
| 942 | _cBK | ||
| 999 |
_c3002 _d3002 |
||